Vận hành Microsoft Windows 2000 professional /

Giới thiệu Microsoft Windows 2000 Professional, sửa đổi môi trường theo ý riêng, quản lý tài liệu, quản lý chương trình chia sẻ thông tin và giao tiếp, quản lý phần cứng, bảo mật và quản trị, bảo trì và tối ưu hoá, sử dụng chương trình phụ kiện......

ver descrição completa

Na minha lista:
Detalhes bibliográficos
Autor Corporativo: VN-Guide (biên dịch.)
Formato: Livro
Idioma:Vietnamese
Publicado em: Tp.HCM : Thống kê, 2000.
Assuntos:
Tags: Adicionar Tag
Sem tags, seja o primeiro a adicionar uma tag!
Thư viện lưu trữ: Mạng thư viện Đại học Đà Nẵng
LEADER 01219cam a2200361 i 4500
001 000042787
003 662
005 20041028154215.0
008 010217b2000 vm 000 vie
020 |c 97000 
022 |a T 
040 |a IRC  |c IRC  |d IRC 
041 1 |a vie 
082 1 4 |a 005.3684  |b Vâ-H 
245 1 0 |a Vận hành Microsoft Windows 2000 professional /  |c VN-Guide dịch. 
260 |a Tp.HCM :  |b Thống kê,  |c 2000. 
300 |a 1075 tr. ;  |c 20,5 cm. 
520 3 |a Giới thiệu Microsoft Windows 2000 Professional, sửa đổi môi trường theo ý riêng, quản lý tài liệu, quản lý chương trình chia sẻ thông tin và giao tiếp, quản lý phần cứng, bảo mật và quản trị, bảo trì và tối ưu hoá, sử dụng chương trình phụ kiện... 
630 0 4 |a Tin học. 
630 0 4 |a Windows. 
630 0 4 |a Computer programs. 
650 0 4 |a Windows (Hệ điều hành máy tính) 
710 2 |a VN-Guide,  |e biên dịch. 
OWN |a DUT 
999 |a From the UDN01 
TYP |a Monograph 
TYP |a Printed language 
980 |a Mạng thư viện Đại học Đà Nẵng